Miraculous Ladybug Trivia - Statistics

General Stats
  • This quiz has been taken 758 times
  • The average score is 82 of 224
Answer Stats
Miraculous ladybug Characters Answer % Correct
Miraculous ladybug Characters Agreste Adrien
96%
Miraculous ladybug Characters Agreste Gabriel
95%
Miraculous ladybug Characters Bourgeois Chloe
92%
Miraculous ladybug Characters Césaire Alya
86%
Kwamis Cat Plagg
85%
Kwamis Ladybug Tikki
85%
Miraculous ladybug Characters Agreste Emilie
84%
Miraculous ladybug Characters Dupain-Cheng Marinette
84%
Kwamis Bee Pollen
79%
Kwamis Fox Trixx
79%
Miraculous ladybug Characters Lahiffe Nino
77%
Kwamis Turtle Wayzz
75%
Miraculous ladybug Characters Couffaine Luka
74%
Kwamis Butterfly Nooroo
72%
Miraculous ladybug Characters Bourgeois Andre
70%
Miraculous ladybug Characters Couffaine Juleka
70%
Kwamis Snake Sass
70%
Miraculous ladybug Characters Rossi Lila
69%
Kwamis Peacock Duusu
68%
Miraculous ladybug Characters Dupain Tom
68%
Miraculous ladybug Characters Cheng Sabine
66%
Miraculous ladybug Characters Tsurugi Kagami
65%
Miraculous ladybug Characters Raincomprix Sabrina
65%
Miraculous ladybug Characters Lee Zoé
65%
Kwamis Mouse Mullo
63%
Kwamis Rabbit Fluff
62%
Super(Heroes/Villains) Ladybug Ladybug
62%
Super(Heroes/Villains) Cat Cat Noir
61%
Miraculous ladybug Characters Chamack Manon
61%
Miraculous ladybug Characters Kanté Max
61%
Akumatized Villains Wants to get rid of all adults and give Adrien the best birthday party ever. Bubbler
60%
Miraculous ladybug Characters Bourgeois Audrey
59%
Miraculous ladybug Characters Le Chien Kim
59%
Akumatized Villains Wants to get revenge on Mireille for defeating her in the weather girl vote and prove herself the rightful weather girl of Paris. Stormy Weather
58%
Miraculous ladybug Characters Kubdel Alix
57%
Miraculous ladybug Characters Graham de Vanilly Felix
57%
Akumatized Villains Wants to turn pigeons into the city’s first class citizens and get rid of all the park police. Mr Pigeon
57%
Kwamis Dragon Longg
56%
Super(Heroes/Villains) Bee Queen Bee
56%
Miraculous ladybug Characters Lavillant Rose
56%
Akumatized Villains Wants to ruin Cat Noir’s reputation and become Ladybug’s boyfriend. Copycat
53%
Miraculous ladybug Characters Haprèle Mylène
53%
Super(Heroes/Villains) Fox Rena Rouge
53%
Miraculous ladybug Characters Raincomprix Roger
53%
Kwamis Monkey Xuppu
53%
Miraculous ladybug Characters Bruel Ivan
52%
Kwamis Horse Kaalki
52%
Kwamis Dog Barkk
51%
Akumatized Villains Wants to unmask Ladybug and get revenge on everyone who wronged her, including Chloé. Lady Wifi
51%
Miraculous ladybug Characters Kurtzberg Nathaniel
51%
Miraculous ladybug Characters Césaire Nora
51%
Super(Heroes/Villains) Butterfly Hawk Moth
50%
Miraculous ladybug Characters Beauréal Aurore
49%
Super(Heroes/Villains) Turtle Carapace
49%
Akumatized Villains Wants to ruin everyone’s Valentine’s Day and get revenge on Chloé for rejecting and humiliating him. Dark Cupid
49%
Miraculous ladybug Characters Graham de Vanilly Amelie
48%
Miraculous ladybug Characters Astruc Thomas
48%
Akumatized Villains One of the most emotional episodes of season 3 Cat Blanc
47%
Miraculous ladybug Characters Sancoeur Nathalie
47%
Akumatized Villains Lie-la Volpina
47%
Miraculous ladybug Characters Lahiffe Chris
46%
Miraculous ladybug Characters Anciel Marc
46%
Akumatized Villains Wants to get revenge on Chloé for locking her in the bathroom and making her miss the class photo. Reflekta
46%
Kwamis Tiger Roarr
46%
Super(Heroes/Villains) Snake Viperion
45%
Akumatized Villains Wants revenge on Ladybug for betraying her fan worship. Antibug
44%
Miraculous ladybug Characters Roth Bob
44%
Akumatized Villains Wants to prove his video game skill and get revenge on Marinette for taking his place in the video game tournament. Gamer
43%
Super(Heroes/Villains) Peacock Mayura
43%
Miraculous ladybug Characters Chamack Nadja
43%
Akumatized Villains Wants to date Mylène and get rid of anyone who mocks his crush.Wants to date Mylène and get rid of anyone who mocks his crush. Stoneheart
43%
Akumatized Villains Wants to perform an ancient ritual to revive Queen Nefertiti. Pharaoh
42%
Akumatized Villains Wants to marry Prince Ali, whom she’s fallen in love with, and to get revenge on Chloé for crushing her hopes and insulting her. Princess Fragrance
42%
Akumatized Villains Wants revenge on Ladybug and Cat Noir for ruining her chance of being a superhero. Queen Wasp
42%
Miraculous ladybug Characters Cheng | Fu Wang
42%
Akumatized Villains Wants to date Marinette and get revenge on Chloé for mocking his drawings. Evillustrator
41%
Akumatized Villains Wants to enforce all laws, no matter how small. Rogercop
41%
Akumatized Villains Wants to go back in time to save a family heirloom from being broken. Timebreaker
41%
Super(Heroes/Villains) Mouse Multimouse
40%
Transformation phrase Tikki... Spots on
40%
Akumatized Villains Wants to win a puppet. Puppeteer
39%
Akumatized Villains Wants to punish Kim for mocking his animal friends. Animan
38%
Transformation phrase Plagg... Claws out
38%
Miraculous ladybug Characters Grimault Simon
38%
Akumatized Villains A villain coming from the future Timetagger
38%
Akumatized Villains Sad because Marinette isn't telling him the truth Truth
38%
Miraculous ladybug Characters Contard | Nightingale Clara
37%
Akumatized Villains A fashion designer with a book Collector
37%
Akumatized Villains Wants everyone else to understand how scared she feels. Horrificator
37%
Detransformation phrase Tikki... Spots off
37%
Detransformation phrase Plagg... Claws in
36%
Power of... Cat Destruction
36%
Super(Heroes/Villains) Monkey King Monkey
36%
Akumatized Villains Synonym of Kwami hunter Kwamibuster
36%
Super(Heroes/Villains) Horse Pegasus
36%
Super(Heroes/Villains) Pig Pigella
36%
Miraculous ladybug Characters Bustier Caline
35%
Power of... Ladybug Creation
35%
Akumatized Villains Sad because Adrien keeps lying to her Lies
35%
Super(Heroes/Villains) Ladybug Mister Bug
35%
Akumatized Villains Played Super Penguino Oblivio
35%
Kwamis Rooster Orikko
35%
Akumatized Villains Wants to prove he can hypnotize Gabriel Agreste. Simon Says
35%
Super(Heroes/Villains) Rabbit Bunnyx
34%
Akumatized Villains Ice cream Glaciator
34%
Akumatized Villains Wants revenge on Chloé for sabotaging his soup and making him lose the World’s Greatest Chef contest. Kungfood
34%
Super(Heroes/Villains) Dragon Ryuko
34%
Akumatized Villains Wants to protect her little sister, Alya. Anansi
33%
Akumatized Villains Headmaster Dark Owl
33%
Power of... Fox Illusion
33%
Akumatized Villains Wants revenge on Chris for stealing his part in a performance. Mime
33%
Power of... Turtle Protection
33%
Akumatized Villains Kitty Section member akumatized into... Silencer
33%
Akumatized Villains A water kingdom for her and her loved one. Syren
33%
Transformation phrase Pollen... Buzz on
32%
Transformation phrase Nooroo... Dark wings rise
32%
Miraculous ladybug Characters Césaire Ella
32%
Akumatized Villains Wants to be recognized as the greatest musician in the city and get revenge on XY for insulting him on live TV. Guitar Villain
32%
Transformation phrase Trixx... Let's pounce
32%
Transformation phrase Wayzz... Shell on
32%
Kwamis Goat Ziggy
32%
Akumatized Villains Wants revenge on Nathaniel for destroying his notebook. Reverser
31%
Akumatized Villains Wants to become an astronaut and explore the galaxy with everyone on board the train Startrain
31%
Akumatized Villains Overprotetive dad Weredad
31%
Miraculous ladybug Characters Couffaine Anarka
30%
Super(Heroes/Villains) Snake Aspik
30%
Miraculous ladybug Characters Césaire Etta
30%
Akumatized Villains Twins Sapotis
30%
Akumatized Villains Lie-la 2.0 Chameleon
29%
Akumatized Villains She came all back from New York and got akumatized Style Queen
29%
Akumatized Villains Granny akumatized Befana
28%
Transformation phrase Sass... Scales Slither
28%
Detransformation phrase Wayzz... Shell off
28%
Transformation phrase Duusu... Spread my feathers
28%
Detransformation phrase Pollen... Buzz off
27%
Detransformation phrase Nooroo... Dark wings fall
27%
Akumatized Villains An ice kingdom for himself Frozer
27%
Miraculous ladybug Characters Kubdel Jalil
27%
Akumatized Villains Wants a picture of Jagged Stone for his gallery. Pixelator
27%
Akumatized Villains A pillow Sandboy
27%
Unified powers hero/villain Butterfly and Peacock Shadow Moth
27%
Kwamis Pig Daizzy
26%
Detransformation phrase Trixx... Let's rest
26%
Akumatized Villains Not Antibug nor Queen Wasp... Queen Banana
26%
Akumatized Villains Christmas Special Santa Claws
26%
Akumatized Villains The New Bourgeois character of season 4 Sole Crusher
26%
Miraculous ladybug Characters Tsurugi Tomoe
26%
Akumatized Villains Wants revenge on Chloé for pretending she didn’t exist. Vanisher
26%
Miraculous ladybug Characters Ramier Xavier
26%
Akumatized Villains Wants revenge on André Bourgeois for beating him in the mayoral election and become the monarch of Paris. Darkblade
25%
Akumatized Villains A teddy bear Despair Bear
25%
Akumatized Villains Will never be Queen Bee again... Miracle Queen
25%
Akumatized Villains Has the ability to steal Superpowers Miraculer
25%
Power of... Mouse Multiplication
25%
Akumatized Villains Wants everyone to feel the love. Zombizou
25%
Unified powers hero/villain Dragon and Ladybug Dragonbug
24%
Miraculous ladybug Characters Dupain Gina
24%
Kwamis Eagle Liiri
24%
Akumatized Villains Wants revenge on Adrien for lying to him about not being allowed to have friends over and for not being invited to Adrien’s party Party Crasher
24%
Akumatized Villains A TV presenter Prime Queen
24%
Miraculous ladybug Characters Dupain Rolland
24%
Akumatized Villains "That's not how it's done!" Bakerix
23%
Akumatized Villains Wants to ruin the Paris music festival and force people to listen to her “music”. Captain Hardrock
23%
Transformation phrase Fluff... Clockwise
23%
Akumatized Villains Wants to punish Kagami after she disobeys her by participating in the Friendship Day games Ikari Gozen
23%
Super(Heroes/Villains) Cat Lady Noire
23%
Akumatized Villains Can turn into 2D animated beings Animaestro
22%
Akumatized Villains Wants to keep a close watch on Adrien. Gorizilla
22%
Miraculous ladybug Characters Rolling Penny
22%
Power of... Horse Teleportation
22%
Akumatized Villains Wants to turn Paris into one big music video. Frightningale
21%
Akumatized Villains When the master becomes akumatized... Furious Fu
21%
Akumatized Villains A pacifier Gigantitan
21%
Unified powers hero/villain Mouse and Ladybug Multibug
21%
Akumatized Villains Wants to prove her feelings to Adrien by proving that Lila is lying. Oni-Chan
21%
Miraculous ladybug Characters Barbot Théo
21%
Transformation phrase Longg... Bring the storm
20%
Akumatized Villains Wants to help Hawk Moth make his wish come true Catalyst
19%
Akumatized Villains Wants to prove to his daughter that he isn’t powerless. Malediktator
19%
Miraculous ladybug Characters Caquet Mireille
19%
Miraculous ladybug Characters Cesaire Otis
19%
Transformation phrase Xuppu... Show time
19%
Miraculous ladybug Characters Cataldi Alec
18%
Akumatized Villains "!msylcataC" Backwarder
18%
Akumatized Villains Vivica... Desperada
18%
Transformation phrase Mullo... Get squeaky
18%
Akumatized Villains Aurore and Andre becomes one simultaneous villain Heart Hunter
18%
Power of... Pig Jubilation
18%
Unified powers hero/villain Mouse and Fox Multifox
18%
Akumatized Villains Markov Robostus
18%
Detransformation phrase Fluff... Counter clockwise
17%
Akumatized Villains A family ring Riposte
17%
Power of... Peacock Emotion
16%
Miraculous ladybug Characters Haprèle Fred
16%
Unified powers hero/villain Mouse and Cat Multinoir
16%
Miraculous ladybug Characters Aza Vincent
16%
Miraculous ladybug Characters Césaire Marlena
15%
Detransformation phrase Sass... Scales rest
15%
Akumatized Villains Wants to get his Christmas present early Christmaster
14%
Miraculous ladybug Characters Kanté Claudie
14%
Miraculous ladybug Characters Duparc Jean
14%
Miraculous ladybug Characters Lenoir Marianne
14%
Akumatized Villains Wants everyone to feel as frustrated as she was. Troublemaker
14%
Power of... Dragon Perfection
13%
Power of... Butterfly Transmission
13%
Miraculous ladybug Characters Kubdel Alim
12%
Power of... Rabbit Evolution
12%
Transformation phrase Kaalki... Full galop
11%
Super(Heroes/Villains) Bee Visperia
11%
Detransformation phrase Duusu... Fall my feathers
10%
Power of... Snake Intuition
10%
Detransformation phrase Longg... Open sky
10%
Power of... Monkey Derision
9%
Miraculous ladybug Characters Candeloro Philippe
8%
Detransformation phrase Kaalki... Dismount
7%
Detransformation phrase Xuppu... Nap Time
7%
Power of... Bee Subjection
6%
Miraculous ladybug Characters D'Argencourt Armant
5%
Miraculous ladybug Characters Monlataing Jean-Pierre
5%
Unified powers hero/villain Snake and Cat Snake Noire
5%
Akumatized Villains Wants everyone to recognize him as the greatest magician in Paris Magician of Misfortune
4%
No matching quizzes found
Score Distribution
Percent of People with Each Score
Percentile by Number Answered
Your Score History
You have not taken this quiz